[Event "CZE-ch U16"]
[Site "Kouty nad Desnou"]
[Date "2024.03.15"]
[Round "8"]
[White "Juracak, David"]
[Black "Hladky, Tadeas"]
[Result "1/2-1/2"]
[WhiteElo "1944"]
[BlackElo "2056"]
[PlyCount "65"]
[EventDate "2024.03.09"]
[EventType "swiss"]
[EventRounds "9"]
[EventCountry "CZE"]
[SourceTitle "CB12_2024"]
[SourceDate "2023.10.01"]
[SourceVersion "1"]
[SourceVersionDate "2023.10.01"]
[SourceQuality "1"]

1. d4 Nf6 2. c4 e6 3. Nc3 Bb4 4. a3 Bxc3+ 5. bxc3 c5 6. f3 0-0 7. e4 d6 8. Bd3 Nc6 9. Ne2 Ne8 10. 0-0 b6 11. f4 f5 12. Ng3 Na5 13. Rb1 Qc7 14. d5 exd5 15. cxd5 c4 16. Bc2 fxe4 17. Nxe4 Nf6 18. Nxf6+ Rxf6 19. Be3 Bf5 20. Bd4 Rf7 21. g4 Bxc2 22. Qxc2 Nb3 23. Rxb3 cxb3 24. Qxb3 Qe7 25. Qc2 h5 26. h3 Raf8 27. f5 Qg5 28. Qg2 hxg4 29. hxg4 Re8 30. Qf3 Ref8 31. Qg2 Re7 32. Qf3 Ref7 33. Qg2 1/2-1/2

[Event "CZE-ch U16"]
[Site "Kouty nad Desnou"]
[Date "2024.03.10"]
[Round "2"]
[White "Hladky, Tadeas"]
[Black "Pressler, Tobias"]
[Result "1-0"]
[WhiteElo "2056"]
[BlackElo "1954"]
[PlyCount "103"]
[EventDate "2024.03.09"]
[EventType "swiss"]
[EventRounds "9"]
[EventCountry "CZE"]
[SourceTitle "CB12_2024"]
[SourceDate "2023.10.01"]
[SourceVersion "1"]
[SourceVersionDate "2023.10.01"]
[SourceQuality "1"]

1. e4 e5 2. Nf3 Nf6 3. d4 Nxe4 4. Bd3 d5 5. Nxe5 Be7 6. 0-0 0-0 7. Re1 f6 8. Nf3 Nd6 9. Bf4 Bg4 10. Nbd2 Nd7 11. c3 Re8 12. Qb3 Nb6 13. Qc2 h6 14. Nh4 Bh5 15. Bg6 Bxg6 16. Qxg6 Bf8 17. Bxh6 Qd7 18. Bf4 Qf7 19. Qd3 Qh5 20. Nhf3 c6 21. h3 Rad8 22. b3 Qf5 23. Qxf5 Nxf5 24. Rxe8 Rxe8 25. Re1 Rxe1+ 26. Nxe1 Bd6 27. Nd3 Kf7 28. Kf1 a5 29. a4 Nd7 30. Ke2 b5 31. axb5 cxb5 32. g4 Bxf4 33. Nxf4 Ne7 34. Kd3 g5 35. Ne2 Nb6 36. f4 Nc6 37. Nf3 gxf4 38. Nxf4 a4 39. Kc2 Na5 40. Nd2 Nc6 41. bxa4 bxa4 42. Kb2 Ne7 43. Ka3 Nc6 44. h4 Kg7 45. Ne6+ Kh6 46. Nc5 f5 47. gxf5 Kh5 48. Nxa4 Nc8 49. Nf3 Kg4 50. f6 Nd6 51. Ng5 Nd8 52. f7 1-0

[Event "Morava-ch"]
[Site "Orlova"]
[Date "2023.10.29"]
[Round "9"]
[White "Tikovsky, Alexander"]
[Black "Hladky, Tadeas"]
[Result "1/2-1/2"]
[WhiteElo "2080"]
[BlackElo "2101"]
[PlyCount "23"]
[EventDate "2023.10.24"]
[EventType "swiss"]
[EventRounds "9"]
[EventCountry "CZE"]
[SourceTitle "Mega2024 Update 01"]
[Source "Chessbase"]
[SourceDate "2023.11.12"]
[SourceVersion "1"]
[SourceVersionDate "2023.11.12"]
[SourceQuality "1"]

1. d4 d5 2. Nf3 Nf6 3. c4 c6 4. Nbd2 Bf5 5. Nh4 Be4 6. Qb3 Nbd7 7. f3 dxc4 8. Nxc4 Bd5 9. e4 Bxc4 10. Bxc4 e6 11. g3 Nb6 12. Be3 1/2-1/2

[Event "Morava-ch"]
[Site "Orlova"]
[Date "2023.10.26"]
[Round "5"]
[White "Hobza, Vojtech"]
[Black "Hladky, Tadeas"]
[Result "0-1"]
[WhiteElo "1658"]
[BlackElo "2101"]
[PlyCount "86"]
[EventDate "2023.10.24"]
[EventType "swiss"]
[EventRounds "9"]
[EventCountry "CZE"]
[SourceTitle "Mega2024 Update 01"]
[Source "Chessbase"]
[SourceDate "2023.11.12"]
[SourceVersion "1"]
[SourceVersionDate "2023.11.12"]
[SourceQuality "1"]

1. e4 e5 2. Nf3 Nc6 3. Bc4 Bc5 4. c3 Nf6 5. d4 exd4 6. cxd4 Bb4+ 7. Nc3 Nxe4 8. 0-0 Bxc3 9. d5 Bf6 10. Re1 Ne7 11. Rxe4 d6 12. Bg5 Bxg5 13. Nxg5 h6 14. Nf3 0-0 15. Qe2 Ng6 16. Re1 Bf5 17. Re3 Qf6 18. Rb3 Rfb8 19. Qd2 c5 20. a4 Bd7 21. Bb5 Qd8 22. Re4 Bxb5 23. Rxb5 a6 24. Rb3 b5 25. Rbe3 Qd7 26. a5 Re8 27. Qc2 Rxe4 28. Qxe4 Kf8 29. Nh4 Nxh4 30. Qxh4 Qf5 31. Qe7+ Kg8 32. h3 Qxd5 33. Qc7 c4 34. Re7 b4 35. Rd7 Re8 36. Rxd6 Re1+ 37. Kh2 Qe5+ 38. g3 Qe4 39. Rd8+ Kh7 40. g4 Rh1+ 41. Kg3 Rg1+ 42. Kh4 g5+ 43. Kh5 Qg6# 0-1

[Event "Skalica op-A"]
[Site "Skalica"]
[Date "2023.08.21"]
[Round "3"]
[White "Hladky, Tadeas"]
[Black "Haring, Filip"]
[Result "0-1"]
[WhiteElo "2195"]
[BlackElo "2446"]
[PlyCount "46"]
[EventDate "2023.08.19"]
[EventType "swiss"]
[EventRounds "9"]
[EventCountry "SVK"]
[SourceTitle "CBM 215 Extra"]
[Source "ChessBase"]
[SourceDate "2023.09.30"]
[SourceVersion "1"]
[SourceVersionDate "2023.09.30"]
[SourceQuality "1"]

1. e4 c6 2. d4 d5 3. Nc3 dxe4 4. Nxe4 Nf6 5. Nxf6+ exf6 6. c3 Bd6 7. Bd3 0-0 8. Qc2 Re8+ 9. Ne2 h5 10. Be3 Nd7 11. 0-0-0 b5 12. Ng3 Nb6 13. Nxh5 Bg4 14. Be2 Bxe2 15. Qxe2 g6 16. Ng3 f5 17. Qf3 b4 18. Bd2 Nc4 19. Kb1 Rb8 20. cxb4 Bxb4 21. Bxb4 Rxb4 22. b3 Qa5 23. Qc3 f4 0-1

[Event "CZE-ch Amateur"]
[Site "Hluk"]
[Date "2023.05.06"]
[Round "2"]
[White "Popov, Roman4444"]
[Black "Hladky, Tadeas"]
[Result "0-1"]
[WhiteElo "1751"]
[BlackElo "2031"]
[PlyCount "94"]
[EventDate "2023.05.06"]
[EventType "swiss"]
[EventRounds "9"]
[EventCountry "CZE"]
[SourceTitle "CBM 214 Extra"]
[Source "ChessBase"]
[SourceDate "2023.07.31"]
[SourceVersion "1"]
[SourceVersionDate "2023.07.31"]
[SourceQuality "1"]

1. d4 d5 2. c4 c6 3. Nf3 Nf6 4. g3 Bf5 5. Nc3 e6 6. Nh4 Be4 7. f3 Bg6 8. Nxg6 hxg6 9. Bg2 Nbd7 10. Qb3 Qb6 11. c5 Qc7 12. Bd2 b6 13. cxb6 axb6 14. Bf4 Bd6 15. Bxd6 Qxd6 16. 0-0 0-0 17. Rad1 e5 18. e3 Rfe8 19. Rde1 Qc7 20. Bh3 Re7 21. Bxd7 Nxd7 22. Qb4 Rae8 23. e4 exd4 24. Qxd4 Nf6 25. b4 c5 26. bxc5 Qxc5 27. Rd1 dxe4 28. Qxc5 bxc5 29. fxe4 Nxe4 30. Nxe4 Rxe4 31. Rd7 f6 32. Rc7 Rc4 33. a4 Rxa4 34. Rxc5 g5 35. Rf2 Kh7 36. Kg2 Re1 37. Rc7 Kh6 38. h3 Raa1 39. Rc3 Rg1+ 40. Kf3 Rh1 41. Rc4 Rxh3 42. Kg4 Rhh1 43. Rd4 Kg6 44. Rb4 Rhg1 45. Rb3 Ra4+ 46. Kf3 g4+ 47. Ke2 Ra2+ 0-1

[Event "CZE-ch U16"]
[Site "Teplice"]
[Date "2023.03.13"]
[Round "4"]
[White "Kubin, Tomas Daniel"]
[Black "Hladky, Tadeas"]
[Result "1-0"]
[WhiteElo "1936"]
[BlackElo "1973"]
[PlyCount "71"]
[EventDate "2023.03.11"]
[EventType "swiss"]
[EventRounds "9"]
[EventCountry "CZE"]
[SourceTitle "CBM 213 Extra"]
[Source "ChessBase"]
[SourceDate "2023.05.31"]
[SourceVersion "1"]
[SourceVersionDate "2023.05.31"]
[SourceQuality "1"]

1. e4 Nf6 2. e5 Nd5 3. c4 Nb6 4. d4 d6 5. exd6 cxd6 6. Nc3 g6 7. Be3 Bg7 8. Rc1 0-0 9. b3 Nc6 10. d5 Ne5 11. Be2 h5 12. h3 e6 13. dxe6 Bxe6 14. Nf3 d5 15. c5 Nxf3+ 16. Bxf3 d4 17. Bxd4 Bxd4 18. cxb6 Qxb6 19. 0-0 Rad8 20. Qe2 Qa5 21. Ne4 Rfe8 22. Rfd1 Qe5 23. Ng3 Qg5 24. Ne4 Qf4 25. Qd2 Qh4 26. Qh6 Bf5 27. Ng3 Bxh3 28. Rxd4 Rxd4 29. gxh3 Qxh3 30. Bg2 Qg4 31. Nf1 Qe2 32. Ne3 Qxa2 33. Bd5 Qa5 34. Qxg6+ Kh8 35. Qf6+ Kh7 36. Qxf7+ 1-0

[Event "CZE-ch U16"]
[Site "Teplice"]
[Date "2023.03.11"]
[Round "1"]
[White "Hladky, Tadeas"]
[Black "Svoboda, Daniel"]
[Result "1/2-1/2"]
[WhiteElo "1973"]
[BlackElo "1748"]
[PlyCount "59"]
[EventDate "2023.03.11"]
[EventType "swiss"]
[EventRounds "9"]
[EventCountry "CZE"]
[SourceTitle "CBM 213 Extra"]
[Source "ChessBase"]
[SourceDate "2023.05.31"]
[SourceVersion "1"]
[SourceVersionDate "2023.05.31"]
[SourceQuality "1"]

1. e4 c5 2. Nf3 d6 3. Bb5+ Nd7 4. d4 cxd4 5. Qxd4 a6 6. Bxd7+ Bxd7 7. 0-0 Nf6 8. Bg5 e6 9. Nbd2 Bc6 10. Nc4 Bxe4 11. Bxf6 Qxf6 12. Qxe4 d5 13. Qe2 dxc4 14. Qxc4 Be7 15. Rfd1 0-0 16. c3 Rfd8 17. Qe4 Bf8 18. h3 h6 19. a4 Rxd1+ 20. Rxd1 Rd8 21. Rxd8 Qxd8 22. Qd4 Qc7 23. Nd2 b5 24. axb5 axb5 25. Ne4 Qf4 26. Nd2 Qc7 27. Ne4 Qf4 28. Nd2 Qc7 29. Ne4 Qf4 30. Nd2 1/2-1/2

[Event "CZE-chT2E 2223"]
[Site "Czech Republic"]
[Date "2023.02.05"]
[Round "8.5"]
[White "Hladky, Tadeas"]
[Black "Zabloudil, Radek"]
[Result "1/2-1/2"]
[WhiteElo "1963"]
[BlackElo "1894"]
[PlyCount "62"]
[EventDate "2022.10.16"]
[EventType "team-tourn"]
[EventRounds "11"]
[EventCountry "CZE"]
[SourceTitle "EXT 2024"]
[Source "ChessBase"]
[SourceDate "2023.10.10"]
[SourceVersion "1"]
[SourceVersionDate "2023.10.10"]
[SourceQuality "1"]
[WhiteTeam "Jundrov Jezdci II"]
[BlackTeam "Vyskov"]
[WhiteTeamCountry "CZE"]
[BlackTeamCountry "CZE"]

1. e4 c5 2. Nf3 Nc6 3. Bb5 g6 4. 0-0 Bg7 5. Re1 Nf6 6. e5 Nd5 7. Nc3 Nxc3 8. dxc3 0-0 9. Bg5 Qc7 10. Qd5 b6 11. Rad1 a6 12. Bc4 Ra7 13. a3 b5 14. Bf1 c4 15. b3 cxb3 16. cxb3 d6 17. exd6 exd6 18. Bf4 Be6 19. Qxd6 Qxd6 20. Bxd6 Rd8 21. Bc5 Raa8 22. c4 bxc4 23. Bxc4 Bxc4 24. bxc4 Rxd1 25. Rxd1 Na5 26. Nd2 Bh6 27. Ne4 Nxc4 28. g3 Bg7 29. Rd7 h6 30. Kg2 Ne5 31. Rb7 Nc4 1/2-1/2

[Event "CZE-chT2E 2223"]
[Site "Czech Republic"]
[Date "2022.10.16"]
[Round "1.4"]
[White "Kuchynka, Lukas"]
[Black "Hladky, Tadeas"]
[Result "1-0"]
[WhiteElo "2319"]
[BlackElo "1963"]
[PlyCount "73"]
[EventDate "2022.10.16"]
[EventType "team-tourn"]
[EventRounds "11"]
[EventCountry "CZE"]
[SourceTitle "EXT 2024"]
[Source "ChessBase"]
[SourceDate "2023.10.10"]
[SourceVersion "1"]
[SourceVersionDate "2023.10.10"]
[SourceQuality "1"]
[WhiteTeam "Orechov Orel"]
[BlackTeam "Jundrov Jezdci II"]
[WhiteTeamCountry "CZE"]
[BlackTeamCountry "CZE"]

1. Nf3 d5 2. g3 Nf6 3. Bg2 Bf5 4. 0-0 e6 5. d3 Bd6 6. Nbd2 h6 7. Re1 Bh7 8. e4 dxe4 9. dxe4 Bc5 10. Qe2 Nc6 11. a4 0-0 12. h3 e5 13. a5 Re8 14. Qb5 Qe7 15. c3 Nd8 16. b4 Bd6 17. a6 b6 18. Nh4 c6 19. Qd3 Qc7 20. Nf5 Bf8 21. Qf3 Nd7 22. Bf1 Ne6 23. h4 Rad8 24. Bc4 b5 25. Ba2 c5 26. bxc5 Ndxc5 27. Bd5 Na4 28. Nb1 Bxf5 29. Qxf5 Nb6 30. Rd1 Nxd5 31. exd5 Nc5 32. Be3 g6 33. Qc2 Na4 34. Qb3 Bc5 35. Qxb5 Nxc3 36. Nxc3 Bxe3 37. Ne4 1-0

[Event "Ceske Budejovice op-A"]
[Site "Ceske Budejovice"]
[Date "2022.07.09"]
[Round "9"]
[White "Kotleska, Roman"]
[Black "Hladky, Tadeas"]
[Result "1/2-1/2"]
[WhiteElo "1863"]
[BlackElo "2095"]
[PlyCount "154"]
[EventDate "2022.07.01"]
[EventType "swiss"]
[EventRounds "9"]
[EventCountry "CZE"]
[SourceTitle "CBM 209 Extra"]
[Source "ChessBase"]
[SourceDate "2022.09.30"]
[SourceVersion "1"]
[SourceVersionDate "2022.09.30"]
[SourceQuality "1"]

1. c4 Nf6 2. Nc3 c6 3. e4 d5 4. exd5 cxd5 5. d4 Nc6 6. Nf3 Bg4 7. cxd5 Nxd5 8. Qb3 e6 9. Qxb7 Ndb4 10. Bb5 Bxf3 11. gxf3 Rc8 12. 0-0 Bd6 13. Ne4 0-0 14. Bxc6 Rxc6 15. Qb5 Qc7 16. Nxd6 Qxd6 17. Bd2 Nc2 18. Rad1 Nxd4 19. Qd3 Qd5 20. Kg2 e5 21. Qe4 Qxa2 22. Bc3 Qb3 23. Qxe5 Rg6+ 24. Kh1 Nxf3 25. Qe4 Ng5 26. Qd5 Qxd5+ 27. Rxd5 Re8 28. f4 Ne4 29. Bd4 a6 30. Rg1 Rxg1+ 31. Kxg1 h6 32. Kg2 Re6 33. f5 Rc6 34. Kf3 Nd6 35. Bc3 Nb5 36. Be5 Kh7 37. Rd7 f6 38. Bf4 Rc2 39. b4 Rc4 40. Bd2 Nd4+ 41. Ke4 Nb3+ 42. Kf3 Nxd2+ 43. Rxd2 Rxb4 44. Rd6 Ra4 45. Rd7 h5 46. Kg3 Kh6 47. h4 Ra3+ 48. Kg2 Ra5 49. Rd6 Rxf5 50. Rxa6 Rf4 51. Kg3 Rg4+ 52. Kh3 Rc4 53. Rb6 Rf4 54. Kg3 g5 55. hxg5+ Kxg5 56. Rb5+ Rf5 57. Rb4 Rc5 58. Rb3 f5 59. Rf3 Rc4 60. Kh3 Re4 61. Rb3 h4 62. Ra3 Re5 63. Kg2 Kg4 64. Ra8 Re2+ 65. Kf1 Rb2 66. Rg8+ Kf3 67. Kg1 f4 68. Rh8 Rb1+ 69. Kh2 Kf2 70. Rxh4 f3 71. Ra4 Ke1 72. Re4+ Kf1 73. Re7 f2 74. Ra7 Rb3 75. Ra2 Rd3 76. Ra1+ Ke2 77. Kg2 Rd2 1/2-1/2

[Event "Ceske Budejovice op-A"]
[Site "Ceske Budejovice"]
[Date "2022.07.07"]
[Round "7"]
[White "Mai, Alexander Oliver"]
[Black "Hladky, Tadeas"]
[Result "1-0"]
[WhiteElo "2159"]
[BlackElo "2095"]
[PlyCount "109"]
[EventDate "2022.07.01"]
[EventType "swiss"]
[EventRounds "9"]
[EventCountry "CZE"]
[SourceTitle "CBM 209 Extra"]
[Source "ChessBase"]
[SourceDate "2022.09.30"]
[SourceVersion "1"]
[SourceVersionDate "2022.09.30"]
[SourceQuality "1"]

1. e4 e5 2. Nf3 Nc6 3. Nc3 Nf6 4. d4 exd4 5. Nxd4 Bb4 6. Nxc6 bxc6 7. Bd3 0-0 8. 0-0 d5 9. exd5 cxd5 10. h3 c6 11. Qf3 Bd6 12. Bf4 Rb8 13. b3 Be6 14. Ne2 c5 15. c3 Re8 16. Rfe1 Rb6 17. Rad1 Qc7 18. Bc2 Bd7 19. Bg5 Ne4 20. Bxe4 dxe4 21. Qe3 a5 22. c4 a4 23. Qd2 axb3 24. Nc3 Qc6 25. axb3 Bf5 26. Nb5 Be5 27. Be3 Qg6 28. Bxc5 Bxh3 29. f4 Bxf4 30. Qc2 Rf6 31. Rxe4 Rc8 32. Rde1 Be6 33. Be7 Rf5 34. Nd4 Qg3 35. Nf3 Bc7 36. Bh4 Qg6 37. Bf2 Qf6 38. Nd4 Re5 39. Bh4 Rxe4 40. Qxe4 Qf4 41. Nxe6 Qxe4 42. Rxe4 fxe6 43. b4 e5 44. b5 Kf7 45. Bf2 Ke6 46. g4 Rf8 47. b6 Bb8 48. Kf1 Rf4 49. Rxf4 exf4 50. Ke2 h6 51. Kd3 g6 52. Kd4 h5 53. gxh5 gxh5 54. Kc5 Kd7 55. Kb5 1-0

[Event "Ceske Budejovice op-A"]
[Site "Ceske Budejovice"]
[Date "2022.07.02"]
[Round "2"]
[White "Hladky, Tadeas"]
[Black "Heimisson, Hilmir Freyr"]
[Result "0-1"]
[WhiteElo "2095"]
[BlackElo "2281"]
[PlyCount "87"]
[EventDate "2022.07.01"]
[EventType "swiss"]
[EventRounds "9"]
[EventCountry "CZE"]
[SourceTitle "CBM 209 Extra"]
[Source "ChessBase"]
[SourceDate "2022.09.30"]
[SourceVersion "1"]
[SourceVersionDate "2022.09.30"]
[SourceQuality "1"]

1. e4 c5 2. Nf3 d6 3. Bb5+ Nd7 4. d4 cxd4 5. Qxd4 a6 6. Bxd7+ Bxd7 7. 0-0 e5 8. Qd3 Rc8 9. c4 Qc7 10. b3 b5 11. Nbd2 Nf6 12. Bb2 Be7 13. Rac1 Qb6 14. cxb5 axb5 15. Rxc8+ Bxc8 16. Rc1 0-0 17. h3 Bb7 18. Nh2 Nh5 19. g3 Rd8 20. Nhf1 Bg5 21. h4 Bh6 22. Qc3 g6 23. Qc7 Qxc7 24. Rxc7 Ba8 25. Bc3 Ng7 26. Ba5 Ne6 27. Rc3 Re8 28. Rd3 Bf8 29. f3 Bb7 30. Bb4 Ra8 31. a3 Nd4 32. Ne3 Rc8 33. Kf2 f6 34. Bc3 Nc6 35. Bb2 Kf7 36. Nd5 Ke6 37. Nb6 Rc7 38. Nf1 Bh6 39. Nd5 Rd7 40. Rd1 Ba6 41. b4 Nd4 42. Bc1 f5 43. f4 exf4 44. gxf4 0-1

[Event "Ceske Budejovice op-A"]
[Site "Ceske Budejovice"]
[Date "2022.07.01"]
[Round "1"]
[White "Rybackova, Lucie"]
[Black "Hladky, Tadeas"]
[Result "0-1"]
[WhiteElo "1696"]
[BlackElo "2095"]
[PlyCount "74"]
[EventDate "2022.07.01"]
[EventType "swiss"]
[EventRounds "9"]
[EventCountry "CZE"]
[SourceTitle "CBM 209 Extra"]
[Source "ChessBase"]
[SourceDate "2022.09.30"]
[SourceVersion "1"]
[SourceVersionDate "2022.09.30"]
[SourceQuality "1"]

1. Nf3 Nf6 2. g3 d5 3. Bg2 Bf5 4. d4 e6 5. 0-0 Be7 6. c4 c6 7. Nc3 0-0 8. b3 h6 9. Bb2 Nbd7 10. Nd2 Qb6 11. e4 dxe4 12. Ndxe4 Nxe4 13. Nxe4 Nf6 14. Qe2 Bxe4 15. Bxe4 Nxe4 16. Qxe4 Bf6 17. Rfd1 Rfd8 18. Rd3 Rd7 19. Rad1 Rad8 20. Kg2 Qa5 21. Qe2 c5 22. Bc3 Qb6 23. dxc5 Qc6+ 24. f3 Bxc3 25. Rxd7 Rxd7 26. Rd3 Bb4 27. Rxd7 Qxd7 28. Qe3 Qd2+ 29. Qxd2 Bxd2 30. a3 Bc1 31. a4 Ba3 32. Kf2 Bxc5+ 33. Ke2 a5 34. Kd3 f5 35. g4 Kf7 36. h3 Kf6 37. f4 e5 0-1

[Event "CZE-ch"]
[Site "Usti nad Labem"]
[Date "2022.05.16"]
[Round "3"]
[White "Hladky, Tadeas"]
[Black "Sykora, Ondrej"]
[Result "1/2-1/2"]
[WhiteElo "2119"]
[BlackElo "2092"]
[PlyCount "139"]
[EventDate "2022.05.14"]
[EventType "swiss"]
[EventRounds "9"]
[EventCountry "CZE"]
[SourceTitle "CBM 208 Extra"]
[Source "ChessBase"]
[SourceDate "2022.07.31"]
[SourceVersion "1"]
[SourceVersionDate "2022.07.31"]
[SourceQuality "1"]

1. e4 e5 2. Nf3 Nc6 3. Bb5 a6 4. Ba4 d6 5. c3 Nf6 6. Bc2 Bg4 7. 0-0 Be7 8. h3 Bh5 9. Re1 0-0 10. d3 d5 11. Nbd2 dxe4 12. Nxe4 Nxe4 13. dxe4 Bc5 14. Qe2 h6 15. Be3 Bxe3 16. Qxe3 Qe7 17. Rad1 Rad8 18. Rd5 Bxf3 19. Qxf3 Rd6 20. Red1 Rfd8 21. Bb3 Rf6 22. Qg4 Rfd6 23. Qf5 g6 24. Qf3 Kg7 25. Rxd6 Rxd6 26. Rxd6 cxd6 27. Bd5 Qc7 28. Qd3 Ne7 29. Bb3 Ng8 30. g3 Nf6 31. Kg2 Qc6 32. Kf3 Qd7 33. Kg2 Qc6 34. Kf3 Qd7 35. Kg2 Qc6 36. Kf3 Nh7 37. h4 Nf6 38. Qc4 Qd7 39. Kg2 Ne8 40. Qa4 Qxa4 41. Bxa4 Nc7 42. Bd7 Kf8 43. Bc8 b6 44. Kf3 Ke7 45. Ke3 a5 46. Kd3 d5 47. exd5 Nxd5 48. Kc4 Kd6 49. Bb7 Nc7 50. a4 f5 51. Bc8 Nd5 52. Kb5 Kc7 53. Be6 Nf6 54. Bf7 g5 55. hxg5 hxg5 56. Bg6 Ne4 57. Kc4 Kc6 58. g4 Nd6+ 59. Kd3 fxg4 60. Bh5 Kd5 61. b3 e4+ 62. Ke2 g3 63. fxg3 Ke5 64. Bg4 b5 65. Bd7 bxa4 66. Bxa4 Nb7 67. b4 axb4 68. cxb4 Kd4 69. Bc6 Nd6 70. b5 1/2-1/2

[Event "CZE-chT2E 2122"]
[Site "Czech Republic"]
[Date "2022.02.27"]
[Round "9.3"]
[White "Lakatos, Tomas"]
[Black "Hladky, Tadeas"]
[Result "0-1"]
[WhiteElo "2109"]
[BlackElo "2039"]
[PlyCount "58"]
[EventDate "2021.10.17"]
[EventType "team-tourn"]
[EventRounds "11"]
[EventCountry "CZE"]
[SourceTitle "EXT 2024"]
[Source "ChessBase"]
[SourceDate "2023.10.10"]
[SourceVersion "1"]
[SourceVersionDate "2023.10.10"]
[SourceQuality "1"]
[WhiteTeam "Orechov Orel"]
[BlackTeam "Jundrov Jezdci"]
[WhiteTeamCountry "CZE"]
[BlackTeamCountry "CZE"]

1. d4 d5 2. Bf4 Nf6 3. e3 c5 4. c3 Nc6 5. Nd2 Bf5 6. f3 e6 7. g4 Bg6 8. h4 h6 9. Nh3 Rc8 10. Qb3 Qd7 11. Bb5 a6 12. Bxc6 Qxc6 13. Kf2 Nd7 14. g5 Be7 15. Bg3 Bf5 16. gxh6 Rxh6 17. Nf4 c4 18. Qd1 e5 19. Nxd5 Qxd5 20. e4 Qb5 21. exf5 exd4 22. Qe2 d3 23. Qe4 Nf6 24. Qf4 Nd5 25. Qe5 Qxb2 26. Bf4 Nxf4 27. Qxf4 Rxh4 28. Qe3 Kf8 29. Rxh4 Bxh4+ 0-1